Statistics for DC Comics Secret Identity to Alter Ego

Click here to take the quiz!

General Stats

  • This quiz has been taken 94 times
  • The average score is 13 of 15

Answer Stats

NameAnswer% Correct
Bruce WayneBatman
100%
Clark Kent or Kal-ElSuperman
100%
Diana PrinceWonder Woman
100%
Barry AllenFlash
99%
Dick GreysonRobin
98%
Oliver QueenGreen Arrow
96%
Kara Zor-ElSupergirl
96%
Harvey DentTwo Face
93%
Wally WestKid Flash
91%
Eobard ThawneReverse Flash
80%
Jonathan CraneScarecrow
80%
Leonard SnartCaptain Cold
75%
Martin Stein/Jefferson JacksonFirestorm
67%
Cisco RamoneVibe
66%
Mick RoryHeat Wave
56%

Score Distribution

Percentile by Number Answered

Percent of People with Each Score

Your Score History

You have not taken this quiz